| 000 | 01259cam a2200337 i 4500 | ||
|---|---|---|---|
| 001 | 57671 | ||
| 003 | Mx-PuUPA | ||
| 005 | 20250205101821.0 | ||
| 008 | 140415s2019 sp gr 000 0 spa d | ||
| 017 | _aBI-1616-2018 | ||
| 020 |
_a9788484687665 _qComillas |
||
| 020 |
_a9788429327946 _qSal Terrae |
||
| 040 |
_aMx-PuUPA _bspa _cMx-PuUPA _dMx-PuUPA _erda |
||
| 041 | 1 |
_aspa _heng |
|
| 100 | 1 |
_aHaught, John F., _d1942- _9198 _eautor |
|
| 240 | 1 | 0 |
_aScience and faith. A new introduction. _lEspañol |
| 245 | 1 | 0 |
_aCiencia y fe : _buna nueva introducción / _cJohn F. Haught ; traducción, Manuel Elliot Jensen |
| 264 | 1 |
_aMadrid : _bUniversidad Pontificia Comillas : Editorial Sal Terrae, _c2019 |
|
| 300 |
_a205 páginas ; _c _b22 cm |
||
| 336 |
_2rdacontent _atexto _btxt |
||
| 337 |
_2rdamedia _asin medio _bn |
||
| 338 |
_2rdacarrier _avolumen _bnc |
||
| 490 | 0 |
_aColección Ciencia y Religión ; _v15 |
|
| 650 | 7 |
_2armarc _aReligión y ciencia _913986 |
|
| 650 | 7 |
_2armarc _aFe y razón |
|
| 700 | 1 |
_aJensen, Manuel Elliot, _etraductor |
|
| 765 | 0 |
_aHaught, John F., 1942- _dNew Jersey : Paulist Press, 2012 _tScience and faith. A new introduction. |
|
| 942 |
_2ddc _cLI _h201.65 _iH36 |
||
| 999 |
_c57671 _d57671 |
||